• 首页
  • 本馆介绍
  • 公告通知
  • 最新文献
  • 馆藏检索
  • 电子资源
  • 读者导购
  • 参考咨询
  • 我的图书馆
  • 登录
  • 详细信息显示
  • 放入我的书架
  • 预约/预借图书
  • 作者相关作品
  • 分类相关作品
  • 丛书相关作品
  • 出版社相关作品

书目信息

  • 表格格式
  • 工作单格式
  • 卡片格式
题名:
中国现代人物油画造型语言研究
    
 
作者: 徐琳琳 著
分册:  
出版信息: 长春   吉林美术出版社  2019
页数: 176页
开本: 24cm
丛书名:
单 册:
中图分类: J213.052
科图分类:
主题词: 油画--you hua--人物画--绘画研究--中国--现代
电子资源:
ISBN: 978-7-5575-4282-5
000 01011nam0 2200253 450
001 012001006558
005 20140101090651.0
010    @a978-7-5575-4282-5@dCNY60.00
099    @aCAL 012019029951
100    @a20190308d2019 em y0chiy50 ea
101 0  @achi
102    @aCN@b220000
105    @ay a 000yy
106    @ar
200 1  @a中国现代人物油画造型语言研究@Azhong guo xian dai ren wu you hua zao xing yu yan yan jiu@f徐琳琳著
210    @a长春@c吉林美术出版社@d2019
215    @a176页@d24cm
320    @a有书目 (第174-176页)
330    @a本书作者通过对中国现代油画概述、探究现代油画创作中的中国元素、中国现代油画创作中平面构成形式研究、中国元素对现代油画创作的应用研究、中国现代油画人物画研究、中国现代油画造型语言探析、现代油画中的人物造型等进行论述, 研究了中国现代油画人物造型语言, 值得品读。
606 0  @a油画@Ayou hua@x人物画@x绘画研究@y中国@z现代
690    @aJ213.052@v5
701  0 @a徐琳琳@Axu lin lin@4著
801  0 @aCN@b上海新华@c20191020
905    @b1131833-6@dJ213.052@e1058@f4
    
    中国现代人物油画造型语言研究/徐琳琳著.-长春:吉林美术出版社,2019
    176页;24cm
    
    
    ISBN 978-7-5575-4282-5:CNY60.00
    本书作者通过对中国现代油画概述、探究现代油画创作中的中国元素、中国现代油画创作中平面构成形式研究、中国元素对现代油画创作的应用研究、中国现代油画人物画研究、中国现代油画造型语言探析、现代油画中的人物造型等进行论述, 研究了中国现代油画人物造型语言, 值得品读。
●
相关链接 在E读中查询图书 在五车中查询图书 在当当中查询图书 在豆瓣中查询图书


正题名:中国现代人物油画造型语言研究     索取号:J213.052/1058         预约/预借

序号 登录号 条形码 馆藏地/架位号 状态 备注
1 1131833   211318331   第一样本阅览室/ [索取号:J213.052/1058] 在馆    
2 1131834   211318340   第一借阅区/ [索取号:J213.052/1058] 在馆    
3 1131835   211318359   第一借阅区/ [索取号:J213.052/1058] 在馆    
4 1131836   211318368   第一借阅区/ [索取号:J213.052/1058] 在馆    
唐山师范学院图书馆 欢迎您!
大连网信软件有限公司© 版权所有